000 00585nam a2200217 a 4500
001 2225
005 20140414131851.0
008 001113s19uu xx 00 eng d
020 _a0-937934-21-6
050 _aM 591
_bW37 1989
100 _aWexo, John Bonnett
245 _aDucks, geese & swans: zoobooks /
_cJohn Bonnett Wexo.
260 _aSan Diego, CA :
_bWildlife Educational.
300 _a1 v. p. col. : ill. ; cm.
440 _aZoobooks
500 _aMarch 1989 Volume Six Number Six.
650 _aDucks.
650 _aGeese.
650 _aSwans.
999 _c110212
_d110212